00748nam a2200217 a 450000100100000000500170001000800410002702000150006804000250008304100130010808200140012110000390013524000450017424500810021926000290030030000100032950400300033970000320036995201120040199900170051300004313420201002040649.0140220s1995 sp 000 0 spa d a8448302435 aDO-SdBNPbspacBNPHU17aenghspa axxxxbxxx1 aNacache, Jacqueline,d1953-97068710aLe film hollywoodien clasiquelEspañol13aEl cine de Hollywood /cJacqueline Nacache ; traducción de Carla Revuelta. aMadrid :bAcento,c1995. a95 p. aBibliografía : p. 94-9512aRevuelta, Carlaetr.970688 001050718MOaGRbGRcCTd2014-02-20iLF1l0oxxxx xxxp43134-10r2020-06-25w2020-06-25y1ZNo se presta c42623d42623